| 000 | 00407cam a2200169ua 4500 | ||
|---|---|---|---|
| 041 |
_aeng _h |
||
| 082 |
_a620.1 _bDUN/AP |
||
| 100 | _aDuncan, J . | ||
| 245 |
_aApplied mechanics for engineers / _cJ.Duncan. _hTextual Documents |
||
| 250 |
_a1 / _b. |
||
| 260 |
_aLondon : _bMacmillan & Co Ltd , _c1962. |
||
| 300 | _a718 ; . | ||
| 504 | _a | ||
| 942 | _cBK | ||
| 999 |
_c198 _d198 |
||